| 000 | 00741nam a2200181 a 4500 | ||
|---|---|---|---|
| 001 | 000025905 | ||
| 005 | 20200930024136.0 | ||
| 008 | 110224s1999 dr 000 0 spa d | ||
| 040 |
_aDO-SdBNP _bspa _cBNPHU |
||
| 100 | 1 |
_aCastillo, Amanda _952761 |
|
| 245 | 1 | 0 |
_aDiagnóstico de valores morales en la administración pública / _cAmanda Castillo. |
| 260 |
_aSanto Domingo : _bComisión Presidencial para la Reforma y Modernización del Estado., _c1999. _fEditora Amiga del Hogar |
||
| 300 |
_a49 p. ; _c22 cm. |
||
| 490 | 1 |
_aConversatorios de la reforma _v23 |
|
| 710 | 2 |
_aComisión Presidencial para la Reforma y Modernización del Estado (República Dominicana) _952762 |
|
| 830 | 0 |
_aConversatorios de la reforma _v23 _916542 |
|
| 049 | _aBNPD | ||
| 999 |
_c25397 _d25397 |
||